| 000 | 01067nam a2200313 i 4500 | ||
|---|---|---|---|
| 001 | bg | ||
| 003 | KOSZ 005 | ||
| 005 | 20221121124651.0 | ||
| 008 | 070110s2009 pl a |001 0 pol | ||
| 020 | _a9788374881418 | ||
| 040 | _cBPK | ||
| 041 | _apol | ||
| 044 | _aPOL | ||
| 080 | _a339.138(075.8) | ||
| 100 | 1 |
_aWojciechowski, Tadeusz _d(1925- ). |
|
| 245 | 1 | 0 |
_aEncyklopedyczne podstawy marketingu / _cTadeusz Wojciechowski. |
| 260 |
_aWarszawa : _bWydawnictwo Placet, _c2009. |
||
| 300 |
_a334 s. : _bil. ; _c24 cm. |
||
| 336 |
_2rdacontent _aTekst _btxt |
||
| 337 |
_2rdamedia _aBez urządzenia pośredniczącego _bn |
||
| 338 |
_2rdacarrier _aWolumin _bnc |
||
| 504 | _aBibliogr. przy rozdz. Indeks. | ||
| 650 | 9 | _aMarketing | |
| 655 | _aPodręczniki akademickie | ||
| 856 |
_uhttp://koha.tu.koszalin.pl/cgi-bin/koha/opac-detail.pl?biblionumber=56590 _yKatalog online BPK |
||
| 856 |
_uhttp://libra.ibuk.pl/reader/45458 _yIBUK |
||
| 942 |
_cKS _2UKD |
||
| 999 |
_c56590 _d56590 |
||